| 000 | 00843nam a2200181Ia 4500 | ||
|---|---|---|---|
| 003 | GCL | ||
| 008 | 140319s9999 xx 000 0 ara d | ||
| 040 |
_aGCL / _cGCL |
||
| 082 | 0 | 4 |
_a929.1 _bم ك |
| 100 | 1 | _aالسمعانى : ابو بكر محمد بن منصور بن محمد بن عبدالجبار بن احمد بن محمد بن جعفر التميمى المروزى 510هـ | |
| 245 | 1 | 0 |
_aكتاب الانساب / _cالسمعانى : ابو بكر محمد بن منصور بن محمد بن عبدالجبار بن احمد بن محمد بن جعفر التميمى المروزى 510هـ |
| 260 |
_aالقاهرة : _bدار الكتب المصرية |
||
| 300 |
_aمتعدد ؛ _c32 سم |
||
| 650 | 0 | 4 | _aالتراجم |
| 650 | 0 | 4 | _aالانساب العربية |
| 650 | 0 | 4 | _aالانساب - علم |
| 942 |
_2ddc _cREF |
||
| 999 |
_c59291 _d59291 |
||